Statistics for Name that Historical Figure #5

Click here to take the quiz!

General Stats

  • This quiz has been taken 76,858 times
  • The average score is 9 of 16

Answer Stats

Answer% Correct
Nelson Mandela
93%
Muhammad Ali
92%
Bruce Lee
78%
Pelé
78%
Mikhail Gorbachev
67%
Karl Marx
64%
Nikola Tesla
63%
Audrey Hepburn
60%
Benito Mussolini
60%
Johann Sebastian Bach
49%
Oscar Wilde
47%
Ayatolla Khomeini
44%
Andy Warhol
43%
Erwin Rommel
35%
Florence Nightingale
35%
Oliver Cromwell
30%

Score Distribution

Percentile by Number Answered

Percent of People with Each Score

Your Score History

You have not taken this quiz